Santa tierra de España: lecturas de exaltación de la Historia Patria de los tiempos primitivos hasta la terminación del Alzamiento

Gespeichert in:
Bibliographische Detailangaben
1. Verfasser: Junceda Ilustraciones Muntada Bach, José Autor, Inspector de Primera Enseñanza de Barcelona Postius Sala (CMF) (MRP), Juan Prólogo
Format: keine Angabe
Sprache:Spanisch
Erschienen: Barcelona, España Imprenta-Editorial Altés 1942
Katalog:MANES:  Suchergebnis im Bibliothekskatalog
Schulbuchspezifische Eigenschaften:
Tags: Tag hinzufügen
Keine Tags, Fügen Sie den ersten Tag hinzu!
Hinzugefügt zu:26.04.2016
Geändert in:07.05.2025

MARC

LEADER 000000000a22000000004500
001 11017
005 20250507134324.0
008 160427s sp ||||| |||| 00| 0 spa d
040 |a manes  |c manes 
100 1 |a Junceda  |b Ilustraciones  |9 6312  |a Muntada Bach, José  |b Autor, Inspector de Primera Enseñanza de Barcelona  |9 6313  |a Postius Sala (CMF) (MRP), Juan  |b Prólogo  |9 6314 
245 0 0 |a  Santa tierra de España: lecturas de exaltación de la Historia Patria de los tiempos primitivos hasta la terminación del Alzamiento 
260 |a Barcelona, España  |b Imprenta-Editorial Altés  |c 1942 
300 |a 333 p.  |c 19 x 13 cm 
500 |a Signatura topográfica en la Biblioteca UNED Manes: LT 633. Nihil Obstat 15 de junio de 1942. En la primera página aparece la conformidad de Romualdo de Toledo para la edición de la obra (25 de agosto de 1942), puesto que se adapta a "nuestro catolicismo racial y nuestro recio patriotismo". 
546 |a España 
561 |5 es-BUNED  |3 LT 0633  |a España. Fondo Manes UNED  |k MANES 
690 0 |a RyM 
691 0 |a PRI 
942 |2 ddc  |c BK 
999 |c 48383  |d 48383 
999 |c manes:48383  |d 48383